| 000 | 00381nam a2200157Ia 4500 | ||
|---|---|---|---|
| 008 | 210210b1980 xxu||||| |||| 00| 0 eng d | ||
| 082 | _a690.8312 RANT | ||
| 100 | _aRANGWALA (S C). | ||
| 245 | _aTown planning. Ed 3. | ||
| 250 | _a | ||
| 260 |
_aIndia. _bCharotar Book Stall., _c1980 |
||
| 300 | _axi,235 | ||
| 650 | _aTown Planning | ||
| 690 | _aEngineering | ||
| 906 | _a042737 | ||
| 999 |
_c92300 _d92300 |
||